Peter Norton's Complete guide to Linux (Record no. 6341)

000 -LEADER
fixed length control field 00609 a2200205 4500
020 ## - INTERNATIONAL STANDARD BOOK NUMBER
International Standard Book Number 0-672-31573-4
020 ## - INTERNATIONAL STANDARD BOOK NUMBER
International Standard Book Number 0-672-31141-0
040 ## - CATALOGING SOURCE
Original cataloging agency DLC
Language of cataloging DLC
082 ## - DEWEY DECIMAL CLASSIFICATION NUMBER
Classification number 005.4469
082 ## - DEWEY DECIMAL CLASSIFICATION NUMBER
Classification number 005.446
082 ## - DEWEY DECIMAL CLASSIFICATION NUMBER
Classification number 005.446
100 1# - MAIN ENTRY--PERSONAL NAME
Personal name Norton, Peter
245 00 - TITLE STATEMENT
Title Peter Norton's Complete guide to Linux
Statement of responsibility, etc. Peter Norton and Arthur Griffith
260 ## - PUBLICATION, DISTRIBUTION, ETC.
Place of publication, distribution, etc. New Delhi :
Name of publisher, distributor, etc. Techmedia,
Date of publication, distribution, etc. 2000
300 ## - PHYSICAL DESCRIPTION
Extent xx, 921 p. :
Other physical details ill. ;
Dimensions 24cm.+
Accompanying material 1CD.
650 #4 - SUBJECT ADDED ENTRY--TOPICAL TERM
Topical term or geographic name entry element Linux (Computer operating systems for microcomputers)
700 1# - ADDED ENTRY--PERSONAL NAME
Personal name Griffith, Arthur
740 0# - ADDED ENTRY--UNCONTROLLED RELATED/ANALYTICAL TITLE
Uncontrolled related/analytical title Complete guide to Linux
942 ## - ADDED ENTRY ELEMENTS (KOHA)
Koha item type Book
Call number prefix 005.4469 NOR
Source of classification or shelving scheme
Holdings
Withdrawn status Lost status Damaged status Not for loan Collection code Permanent Location Current Location Shelving location Date acquired Total Checkouts Full call number Barcode Date last seen Price effective from Koha item type
          Central Library (CL) Central Library (CL) First Floor - Operating System/ Data Structure 06/12/2001   005.4469 NOR SEECS000917 11/14/2012 01/05/2017 Book
© 2023 Central Library, National University of Sciences and Technology. All Rights Reserved.